000 01024 a2200217 4500
999 _c924
_d924
020 _a9780073051505 (alk. paper)
020 _a0073051500 (alk. paper)
050 0 0 _aG116. BRA 2009
100 _aBradshaw Michael
245 0 0 _aContemporary world regional geography :
_bglobal connections, local voices /
_cMichael Bradshaw ... [et al.].
264 _aBoston:
_bMcgraw hill education.,
_c2009
300 _axxi, 600 p. :
_bcol. ill., col. maps ;
500 _aIncludes index.
650 0 _aGeography
700 1 _aBradshaw, Michael J.
_q(Michael John),
_d1935-
856 4 2 _3Contributor biographical information
_uhttp://www.loc.gov/catdir/enhancements/fy0834/2008019262-b.html
856 4 1 _3Table of contents only
_uhttp://www.loc.gov/catdir/enhancements/fy0834/2008019262-t.html
856 4 2 _3Publisher description
_uhttp://www.loc.gov/catdir/enhancements/fy0834/2008019262-d.html
942 _2lcc
_cBK
_h116
_iBRA
_kG